The life of Hiuen - Tsiang / (Record no. 799)
[ view plain ]
| 000 -LEADER | |
|---|---|
| fixed length control field | 00600nam a2200229Ia 4500 |
| 001 - CONTROL NUMBER | |
| control field | 801 |
| 005 - DATE AND TIME OF LATEST TRANSACTION | |
| control field | 20240113233430.0 |
| 007 - PHYSICAL DESCRIPTION FIXED FIELD--GENERAL INFORMATION | |
| fixed length control field | ta |
| 008 - FIXED-LENGTH DATA ELEMENTS--GENERAL INFORMATION | |
| fixed length control field | 050125s1973 g b000 u eng u |
| 020 ## - INTERNATIONAL STANDARD BOOK NUMBER | |
| Terms of availability | HB |
| 040 ## - CATALOGING SOURCE | |
| Original cataloging agency | Ref.Stack. |
| 041 ## - LANGUAGE CODE | |
| Language code of text/sound track or separate title | eng |
| 082 ## - DEWEY DECIMAL CLASSIFICATION NUMBER | |
| Classification number | 954.018 |
| Item number | Hw 64 Th |
| 100 ## - MAIN ENTRY--PERSONAL NAME | |
| Personal name | Hwui Li, Samuel . |
| 245 #0 - TITLE STATEMENT | |
| Title | The life of Hiuen - Tsiang / |
| Statement of responsibility, etc. | Shaman Hwui Li. |
| Medium | Textual Documents |
| 260 ## - PUBLICATION, DISTRIBUTION, ETC. | |
| Place of publication, distribution, etc. | Delhi : |
| Name of publisher, distributor, etc. | Academica Asiatica , |
| Date of publication, distribution, etc. | 1973. |
| 300 ## - PHYSICAL DESCRIPTION | |
| Extent | 317p. ; |
| Dimensions | 22cm.. |
| 653 ## - INDEX TERM--UNCONTROLLED | |
| Uncontrolled term | Indian - History , Life of Hiuen - Tsiang |
| 942 ## - ADDED ENTRY ELEMENTS (KOHA) | |
| Source of classification or shelving scheme | Dewey Decimal Classification |
| Koha item type | Books |
| Withdrawn status | Lost status | Damaged status | Not for loan | Home library | Current library | Date acquired | Coded location qualifier | Total checkouts | Full call number | Barcode | Date last seen | Copy number | Price effective from | Koha item type |
|---|---|---|---|---|---|---|---|---|---|---|---|---|---|---|
| Dr. Suryya Kumar Bhuyan Library | Dr. Suryya Kumar Bhuyan Library | 01/02/2012 | 00000 | 954.018 Hw 64 Th | 74513/152H | 13/01/2024 | 1 | 01/02/2012 | Books |
